00818cam a22002297a 4500003000500000005001700005008004100022010001000063011001000073035001000083040000900093082001400102100003400116245013500150260005600285300001100341490005000352650004600402650004200448650004800490830005000538CHAP20231010062648.0971013s1985 mx r 00010 spa d a54468 a55440 a59592 cCHAP04a630.5bS300aSandoval Guerrero, Margarita.10aCatálogo de publicaciones periódicas y seriadas agropecuarias mexicanas, 1971-1983c/compilado por Margarita Sandoval Guerrero aChapingo, Méx. :bUACH. Biblioteca Central,c1985 a121 p. 0aSerie de investigación bibliográficav; 217aAgriculturaxPublicaciones periódicas214aPublicaciones periódicas mexicanas.14aPublicaciones periódicasxBibliografía.0 aSerie de investigación bibliográficav; 2